ARRUPE JESUIT UNIVERSITY

CORONAVIRUS -STOP THE SPREAD - CLEAN,DISINFECT,COVER

A companion to early modern philosophy / (Record no. 6249)

MARC details
000 -LEADER
fixed length control field 01125cam a22002774a 4500
001 - CONTROL NUMBER
control field 12758033
005 - DATE AND TIME OF LATEST TRANSACTION
control field 20170718111842.0
008 - FIXED-LENGTH DATA ELEMENTS--GENERAL INFORMATION
fixed length control field 020427s2002 mau b 001 0 eng
010 ## - LIBRARY OF CONGRESS CONTROL NUMBER
LC control number 2002070947
020 ## - INTERNATIONAL STANDARD BOOK NUMBER
International Standard Book Number 0631218009 (alk. paper)
040 ## - CATALOGING SOURCE
Original cataloging agency DLC
Transcribing agency DLC
Modifying agency DLC
042 ## - AUTHENTICATION CODE
Authentication code pcc
050 00 - LIBRARY OF CONGRESS CALL NUMBER
Classification number B801
Item number .C66 2002
082 00 - DEWEY DECIMAL CLASSIFICATION NUMBER
Classification number 190/.9/032
Edition number 21
245 02 - TITLE STATEMENT
Title A companion to early modern philosophy /
Statement of responsibility, etc edited by Steven Nadler.
260 ## - PUBLICATION, DISTRIBUTION, ETC. (IMPRINT)
Place of publication, distribution, etc Malden, Mass. :
Name of publisher, distributor, etc Blackwell Pub.,
Date of publication, distribution, etc 2002.
300 ## - PHYSICAL DESCRIPTION
Extent ix, 661 p. ;
Dimensions 25 cm.
440 #0 - SERIES STATEMENT/ADDED ENTRY--TITLE
Title Blackwell companions to philosophy ;
Volume number/sequential designation 23
9 (RLIN) 3342
504 ## - BIBLIOGRAPHY, ETC. NOTE
Bibliography, etc Includes bibliographical references and index.
650 ## - SUBJECT ADDED ENTRY--TOPICAL TERM
Topical term or geographic name as entry element Philosophy
Chronological subdivision 17th century
General subdivision Modern
9 (RLIN) 33141
650 ## - SUBJECT ADDED ENTRY--TOPICAL TERM
Topical term or geographic name as entry element Philosophy,
Chronological subdivision 18th century
General subdivision Modern
9 (RLIN) 33142
700 1# - ADDED ENTRY--PERSONAL NAME
Personal name Nadler, Steven M.,
Dates associated with a name 1958-
9 (RLIN) 1657
906 ## - LOCAL DATA ELEMENT F, LDF (RLIN)
a 7
b cbc
c orignew
d 1
e ocip
f 20
g y-gencatlg
942 ## - ADDED ENTRY ELEMENTS (KOHA)
Source of classification or shelving scheme Library of Congress Classification
Item type Monograph ( Printed materials)
Holdings
Withdrawn status Lost status Source of classification or shelving scheme Damaged status Not for loan Collection code Home library Current library Shelving location Date acquired Total Checkouts Full call number Barcode Date last seen Date last borrowed Copy number Price effective from Koha item type
    Library of Congress Classification     Main Collection ARRUPE LIBRARY ARRUPE LIBRARY   27/02/2013 2 B801.C66 2002 46407894 13/02/2023 13/01/2023 1 27/02/2013 Monograph ( Printed materials)

 

Arrupe Library. PO Box MP320 Mt Pleasant, Harare, Zimbabwe
263 242 745411|librarian@aju.ac.zw